A halastavi pecsenyekacsatartás hatása a tógazdasági haltenyésztés eredményeire
Elmentve itt :
| Szerző: | |
|---|---|
| További közreműködők: | |
| Dokumentumtípus: | Szakdolgozat |
| Megjelent: |
1986
|
| Kulcsszavak: | Kacsatenyésztés Haltenyésztés Halastavak Tógazdaság |
| Tárgyszavak: | |
| Online Access: | http://diploma.bibl.u-szeged.hu/99148 |
| LEADER | 00818nta a2200253 i 4500 | ||
|---|---|---|---|
| 001 | dipl99148 | ||
| 005 | 20220216142230.0 | ||
| 008 | 220216s1986 hu om 0|| hun d | ||
| 040 | |a SZTE Diploma Repozitórium |b hun | ||
| 041 | |a hun | ||
| 100 | 1 | |a Kiss Sándor | |
| 245 | 1 | 2 | |a A halastavi pecsenyekacsatartás hatása a tógazdasági haltenyésztés eredményeire |h [elektronikus dokumentum] / |c Sándor Kiss |
| 260 | |c 1986 | ||
| 300 | |a 54 | ||
| 650 | 4 | |a Agrár | |
| 650 | 4 | |a Agricultural sciences | |
| 650 | 4 | |a Agriculture, forestry and fisheries | |
| 650 | 4 | |a Fishery | |
| 695 | |a Kacsatenyésztés | ||
| 695 | |a Haltenyésztés | ||
| 695 | |a Halastavak | ||
| 695 | |a Tógazdaság | ||
| 700 | 1 | |a Sófalvy Ferenc |e ths | |
| 856 | 4 | 0 | |u http://diploma.bibl.u-szeged.hu/id/eprint/99148/1/1986_kiss_sandor.pdf |z Dokumentum-elérés |